[Event "III Open Costa Viola A"]
[Site "Sant'Eufemia d'Aspromonte ITA"]
[Date "2010.01.06"]
[Round "7"]
[White "Cordi', Domenico"]
[Black "Seletsky, Grigory"]
[Result "0-1"]
[WhiteElo "2072"]
[BlackElo "2345"]
[PlyCount "61"]
[EventDate "2010.01.02"]

1. d4 Nf6 2. c4 g6 3. Nc3 Bg7 4. e4 d6 5. Nf3 Bg4 6. Be3 Nfd7 7. Qd2 Bxf3 8.
gxf3 c5 9. d5 a6 10. h4 h5 11. Be2 Qa5 12. f4 Qb4 13. Qc2 Qa5 14. Bd2 Qc7 15.
Rg1 Bf6 16. Rg5 Nf8 17. Nb1 Nbd7 18. Bc3 Nh7 19. Nd2 Nxg5 20. hxg5 Bxc3 21.
Qxc3 O-O-O 22. Nf3 h4 23. O-O-O Rh7 24. Ng1 Kb8 25. Bg4 b5 26. Bh3 Ka7 27. Nf3
Rb8 28. e5 bxc4 29. exd6 exd6 30. Nd2 Nb6 31. Ne4 0-1

[Event "III Open Costa Viola A"]
[Site "Sant'Eufemia d'Aspromonte ITA"]
[Date "2010.01.06"]
[Round "7"]
[White "Della Corte, Alessandro"]
[Black "Santagati, Alessandro"]
[Result "1-0"]
[WhiteElo "2229"]
[BlackElo "2167"]
[PlyCount "69"]
[EventDate "2010.01.02"]

1. c4 e5 2. Nc3 Nf6 3. g3 d5 4. cxd5 Nxd5 5. Bg2 Nb6 6. Nf3 Nc6 7. O-O Be7 8.
b3 O-O 9. Bb2 Be6 10. Rc1 f6 11. Ne4 a5 12. d4 Bd5 13. Nc3 e4 14. Ne1 f5 15. f3
Bg5 16. f4 Be7 17. Nc2 a4 18. Ne3 Nb4 19. Nexd5 N6xd5 20. Nxd5 Nxd5 21. bxa4
Kh8 22. Qb3 Nb6 23. d5 Rxa4 24. Rfd1 Bf6 25. Be5 Bxe5 26. fxe5 Re8 27. d6 c6
28. e6 Ra6 29. e3 Nd5 30. d7 Rf8 31. Rxd5 cxd5 32. Rc8 Qe7 33. Qxb7 Rxe6 34.
Rxf8+ Qxf8 35. Qc8 1-0

[Event "III Open Costa Viola A"]
[Site "Sant'Eufemia d'Aspromonte ITA"]
[Date "2010.01.06"]
[Round "7"]
[White "Familari, Giuseppe"]
[Black "Stromboli, Ettore"]
[Result "0-1"]
[WhiteElo "1863"]
[BlackElo "2263"]
[PlyCount "116"]
[EventDate "2010.01.02"]

1. d4 Nf6 2. Nf3 b6 3. Bf4 Ba6 4. Nbd2 e6 5. e3 Bxf1 6. Nxf1 c5 7. N1d2 Nc6 8.
c3 d5 9. h3 Bd6 10. Bxd6 Qxd6 11. Qa4 O-O 12. O-O Rfe8 13. dxc5 bxc5 14. e4
Rab8 15. Rad1 Qc7 16. Rb1 Rb6 17. Rfe1 Reb8 18. Qc2 h6 19. b3 Ne7 20. e5 Nd7
21. Re2 Ng6 22. Rbe1 a5 23. g3 a4 24. h4 axb3 25. axb3 Ra8 26. h5 Ne7 27. Kg2
Rba6 28. Qd3 Qb7 29. g4 Ra1 30. c4 Rxe1 31. Rxe1 Ra3 32. Qc2 Qa8 33. Kg3 Ra1
34. Qb2 Rxe1 35. Nxe1 d4 36. f4 Nc6 37. Nd3 Qa5 38. Ne4 Nb4 39. Qd2 Qa1 40.
Nxb4 Qg1+ 41. Kf3 Qh1+ 42. Qg2 Qd1+ 43. Qe2 Qxb3+ 44. Nd3 Nb6 45. Nexc5 Qxc4
46. Qb2 Qd5+ 47. Kf2 Qd8 48. Nb7 Qh4+ 49. Kf3 Qh3+ 50. Kf2 Qe3+ 51. Kg2 Qe4+
52. Kh2 Nc4 53. Qb3 Ne3 54. Ne1 Qxf4+ 55. Kg1 Qg3+ 56. Kh1 Qxe1+ 57. Kh2 Qf2+
58. Kh3 Qg2+ 0-1

[Event "III Open Costa Viola A"]
[Site "Sant'Eufemia d'Aspromonte ITA"]
[Date "2010.01.06"]
[Round "7"]
[White "Forlano, Luigi"]
[Black "Piccoli, Vincenzo"]
[Result "1-0"]
[WhiteElo "2011"]
[BlackElo "2016"]
[PlyCount "59"]
[EventDate "2010.01.02"]

1. e4 c5 2. Nc3 a6 3. f4 b5 4. d3 Bb7 5. Be3 e6 6. Nf3 Nf6 7. e5 Nd5 8. Nxd5
Bxd5 9. Be2 d6 10. O-O Nd7 11. c3 Be7 12. Qe1 O-O 13. Qg3 Re8 14. h4 Bxf3 15.
Bxf3 Bxh4 16. Qh3 d5 17. g4 Be7 18. d4 cxd4 19. cxd4 Rc8 20. Be2 Nf8 21. Bd3 f6
22. Kg2 h6 23. exf6 Bxf6 24. g5 hxg5 25. fxg5 Bxg5 26. Rxf8+ Kxf8 27. Qh8+ Kf7
28. Qh5+ Kg8 29. Bxg5 Rc7 30. Bh7+ 1-0

[Event "III Open Costa Viola A"]
[Site "Sant'Eufemia d'Aspromonte ITA"]
[Date "2010.01.06"]
[Round "7"]
[White "Rotunno, Giuseppe"]
[Black "Luvera', Filippo"]
[Result "1/2-1/2"]
[WhiteElo "2069"]
[BlackElo "1871"]
[PlyCount "22"]
[EventDate "2010.01.02"]

1. d4 Nf6 2. Nf3 e6 3. e3 d5 4. Bd3 Be7 5. O-O O-O 6. b3 Nbd7 7. Bb2 c5 8. Nbd2
cxd4 9. exd4 b6 10. c4 Bb7 11. Rc1 Rc8 1/2-1/2

[Event "III Open Costa Viola A"]
[Site "Sant'Eufemia d'Aspromonte ITA"]
[Date "2010.01.06"]
[Round "7"]
[White "Salvador, Roland"]
[Black "Gromovs, Sergejs"]
[Result "1/2-1/2"]
[WhiteElo "2472"]
[BlackElo "2334"]
[PlyCount "77"]
[EventDate "2010.01.02"]

1. c4 Nf6 2. Nc3 e5 3. Nf3 Nc6 4. g3 d5 5. cxd5 Nxd5 6. Bg2 Nxc3 7. bxc3 e4 8.
Nd4 Nxd4 9. cxd4 Qxd4 10. Rb1 Bc5 11. O-O O-O 12. Bb2 Qd5 13. d3 Qxa2 14. Bxe4
Bh3 15. Qc1 Be7 16. Re1 c5 17. Be5 Qe6 18. Qc3 f6 19. Bf4 b6 20. Bxa8 Rxa8 21.
Qb3 Qxb3 22. Rxb3 Be6 23. Rb2 c4 24. Ra1 Bc5 25. Be3 c3 26. Rbb1 c2 27. Rb2
c1=Q+ 28. Rxc1 Ba3 29. Rbc2 Bxc1 30. Rxc1 Rc8 31. Ra1 Rc7 32. Kf1 Rb7 33. Ra6
Bd7 34. Ke1 Bb5 35. Ra1 Bd7 36. Ra6 Bb5 37. Ra1 Bd7 38. Rb1 Kf7 39. Kd2 1/2-1/2

[Event "III Open Costa Viola A"]
[Site "Sant'Eufemia d'Aspromonte ITA"]
[Date "2010.01.06"]
[Round "7"]
[White "Serratore, Vincenzo"]
[Black "Palazzotto, Roberto"]
[Result "0-1"]
[WhiteElo "1891"]
[BlackElo "1927"]
[PlyCount "52"]
[EventDate "2010.01.02"]

1. d4 d5 2. Nf3 Nf6 3. e3 c5 4. c3 e6 5. Bd3 Nc6 6. Nbd2 Bd6 7. O-O O-O 8. Qe2
Re8 9. Re1 e5 10. dxe5 Nxe5 11. Nxe5 Bxe5 12. Kh1 Ng4 13. Nf3 Qd6 14. Nxe5 Rxe5
15. f4 Qh6 16. g3 Rh5 17. h4 Rxh4+ 18. gxh4 Qxh4+ 19. Kg1 Qg3+ 20. Qg2 Qxe1+
21. Bf1 Nxe3 22. Bxe3 Qxe3+ 23. Kh1 Bf5 24. Qg5 Be4+ 25. Bg2 Qh3+ 26. Kg1 Qxg2+
0-1

[Event "III Open Costa Viola B"]
[Site "Sant'Eufemia d'Aspromonte ITA"]
[Date "2010.01.02"]
[Round "1"]
[White "Arcidiaco, Francesco"]
[Black "Tralongo, Roberto"]
[Result "1-0"]
[WhiteElo "1608"]
[BlackElo "1419"]
[PlyCount "71"]
[EventDate "2010.01.02"]

1. e4 c5 2. c3 e6 3. Nf3 d6 4. d4 cxd4 5. cxd4 Nf6 6. Nc3 a6 7. Bd3 Be7 8. O-O
b5 9. a3 Bb7 10. Be3 Nbd7 11. Rc1 Nb6 12. Nd2 Qd7 13. Qe2 Rc8 14. f4 d5 15. e5
Ne4 16. Ncxe4 dxe4 17. Bxe4 Bxe4 18. Nxe4 Nc4 19. Bf2 Qd5 20. Ng3 h5 21. Nxh5
Kd7 22. Ng3 Rh7 23. Ne4 Rch8 24. h3 Nxb2 25. Kh2 Bh4 26. Nc5+ Ke7 27. Qxb2 Bxf2
28. Rxf2 Rc8 29. Nd3 Rc4 30. Rxc4 Qxc4 31. Nc5 a5 32. Nb7 Qa4 33. Nd6 b4 34.
axb4 axb4 35. Qc2 Qd7 36. Qxh7 1-0

[Event "III Open Costa Viola B"]
[Site "Sant'Eufemia d'Aspromonte ITA"]
[Date "2010.01.02"]
[Round "1"]
[White "Barbera, Giuseppe"]
[Black "Carlomagno, Vincenzo"]
[Result "0-1"]
[WhiteElo "1564"]
[BlackElo "1854"]
[PlyCount "94"]
[EventDate "2010.01.02"]

1. e4 c5 2. f4 Nc6 3. Nf3 d6 4. c3 Nf6 5. d3 e6 6. Be2 Be7 7. O-O O-O 8. Nbd2
b5 9. e5 dxe5 10. fxe5 Ng4 11. Ne4 Ngxe5 12. Nxe5 Nxe5 13. d4 cxd4 14. cxd4 Qb6
15. Be3 Bb7 16. Nc5 Bxc5 17. dxc5 Qc6 18. Bf3 Qc7 19. Bxb7 Qxb7 20. Rc1 Rfd8
21. Qe2 Qe4 22. Rf4 Qd3 23. Rc2 Qxe2 24. Rxe2 Rd1+ 25. Kf2 Nd3+ 26. Kf3 Nxf4
27. Bxf4 Rc8 28. Bd6 Rc1 29. b4 Rc4 30. Rb2 f6 31. Rb3 Rc6 32. a3 a6 33. Rd3
Kf7 34. g4 e5 35. Rb3 Rxd6 36. cxd6 Rd4 37. h4 Rxd6 38. Rc3 Rd4 39. Kg3 Rc4 40.
Rd3 Ke6 41. g5 f5 42. Rb3 Kd5 43. h5 Kd4 44. Kh4 Rc3 45. Rb2 e4 46. Rf2 e3 47.
Rxf5 e2 0-1

[Event "III Open Costa Viola B"]
[Site "Sant'Eufemia d'Aspromonte ITA"]
[Date "2010.01.02"]
[Round "1"]
[White "Bruno, Elio"]
[Black "Vazzana, Antonio"]
[Result "1-0"]
[WhiteElo "1723"]
[BlackElo "1449"]
[PlyCount "95"]
[EventDate "2010.01.02"]

1. e4 c5 2. Nf3 d6 3. d4 cxd4 4. Nxd4 Nf6 5. Nc3 a6 6. Bg5 e6 7. Qd2 b5 8. a3
Bb7 9. f3 Nbd7 10. O-O-O Rc8 11. h4 Qc7 12. g4 d5 13. Bd3 Bxa3 14. bxa3 Qxc3
15. Qxc3 Rxc3 16. Kb2 Rc7 17. Rhe1 dxe4 18. Bxe4 Bxe4 19. Bxf6 Nxf6 20. g5 Bxf3
21. Nxf3 Nd5 22. Rxd5 O-O 23. Rd6 Rfc8 24. Re2 a5 25. Red2 g6 26. Rd8+ Rxd8 27.
Rxd8+ Kg7 28. Rb8 Rc5 29. Rd8 f5 30. Rd7+ Kg8 31. Re7 Rc6 32. Rb7 Rc5 33. Re7
Rc6 34. Ra7 Rc5 35. Rxa5 e5 36. a4 e4 37. Nd4 e3 38. Rxb5 Rc4 39. Rb8+ Kf7 40.
Rb7+ Ke8 41. c3 Rxa4 42. Kc2 f4 43. Kd3 Ra1 44. Rxh7 Rh1 45. Rg7 Rxh4 46. Rxg6
Kf7 47. Rf6+ Kg7 48. Nf5+ 1-0

[Event "III Open Costa Viola B"]
[Site "Sant'Eufemia d'Aspromonte ITA"]
[Date "2010.01.02"]
[Round "1"]
[White "Carbone, Stefano"]
[Black "Fiorentino, Vincenzo"]
[Result "1-0"]
[WhiteElo "1788"]
[BlackElo "1509"]
[PlyCount "45"]
[EventDate "2010.01.02"]

1. e4 c6 2. d4 d5 3. f3 dxe4 4. fxe4 c5 5. d5 e6 6. Nf3 Nf6 7. Nc3 Be7 8. Bc4
exd5 9. exd5 O-O 10. O-O Nbd7 11. d6 Nb6 12. dxe7 Qxe7 13. Re1 Qc7 14. Bf1 Bg4
15. Bg5 Rad8 16. Qe2 Rfe8 17. Qf2 Nbd7 18. Bb5 a6 19. Bxf6 gxf6 20. Nd5 Qd6 21.
Bxd7 Rxe1+ 22. Rxe1 Rxd7 23. c4 1-0

[Event "III Open Costa Viola B"]
[Site "Sant'Eufemia d'Aspromonte ITA"]
[Date "2010.01.02"]
[Round "1"]
[White "Donzella, Emanuele"]
[Black "Massaro, Umile"]
[Result "0-1"]
[WhiteElo "1646"]
[BlackElo "1440"]
[PlyCount "122"]
[EventDate "2010.01.02"]

1. e4 c5 2. c3 d6 3. d4 cxd4 4. cxd4 e6 5. Nf3 Be7 6. Nc3 a6 7. Be3 Nf6 8. Be2
Nc6 9. O-O O-O 10. Rc1 e5 11. d5 Na7 12. Qb3 b5 13. Qc2 Bg4 14. Nd2 b4 15. Bxg4
bxc3 16. Be2 cxd2 17. Bxd2 Nb5 18. Bxb5 axb5 19. Ra1 Qc8 20. Qd3 Qb7 21. f3
Rfc8 22. Qb3 Nd7 23. Be3 Nc5 24. Qd1 b4 25. b3 Bf8 26. Qe2 Rab8 27. Qf2 Qb5 28.
Rfd1 Nd3 29. Qg3 Rc2 30. h4 Nf4 31. Bxf4 exf4 32. Qxf4 Rbc8 33. h5 h6 34. Qg4
Qa6 35. Kh2 Be7 36. f4 Bf6 37. Rab1 Qxa2 38. Kh1 Qa6 39. Qh3 Qe2 40. Re1 Qb5
41. e5 Be7 42. Qf3 R2c3 43. Qe4 Qb6 44. e6 Qd8 45. exf7+ Kxf7 46. Qf5+ Bf6 47.
Re6 Kg8 48. Rbe1 Rc1 49. Qe4 Rxe1+ 50. Qxe1 Qf8 51. Qxb4 Rc1+ 52. Kh2 Rc8 53.
Qe4 Qf7 54. Qf3 Rc3 55. Qe2 Kf8 56. g4 Rxb3 57. Qa6 Rb2+ 58. Kh3 Qb7 59. Rxf6+
gxf6 60. Qxd6+ Qe7 61. Qe6 Qa3+ 0-1

[Event "III Open Costa Viola B"]
[Site "Sant'Eufemia d'Aspromonte ITA"]
[Date "2010.01.02"]
[Round "1"]
[White "Gallo, Carlo"]
[Black "Costantino, Gregorio"]
[Result "1-0"]
[WhiteElo "1619"]
[BlackElo "1434"]
[PlyCount "51"]
[EventDate "2010.01.02"]

1. c4 d6 2. Nc3 Nf6 3. g3 e5 4. Bg2 c6 5. d3 Be7 6. Nf3 O-O 7. O-O Nbd7 8. a3
Qc7 9. b4 a6 10. Bb2 b6 11. Rc1 Bb7 12. Qd2 c5 13. b5 axb5 14. Nxb5 Qc6 15. Nh4
e4 16. Nf5 Rfe8 17. Qg5 g6 18. Nxe7+ Rxe7 19. Bxf6 Nxf6 20. Qxf6 Re6 21. Qf4
Kg7 22. Bxe4 Rxe4 23. dxe4 f5 24. Nxd6 Rxa3 25. Qe5+ Kg8 26. Qe6+ 1-0

[Event "III Open Costa Viola B"]
[Site "Sant'Eufemia d'Aspromonte ITA"]
[Date "2010.01.02"]
[Round "1"]
[White "Gregori, Giacomo"]
[Black "Martino, Giovanni"]
[Result "1-0"]
[WhiteElo "1794"]
[BlackElo "1536"]
[PlyCount "105"]
[EventDate "2010.01.02"]

1. d4 Nf6 2. c4 g6 3. Nc3 Bg7 4. e4 d6 5. f3 Nbd7 6. Bg5 e5 7. d5 O-O 8. Qd2 c6
9. O-O-O Nb6 10. g4 cxd5 11. cxd5 Qc7 12. Kb1 Bd7 13. h4 Na4 14. Rc1 Rac8 15.
Nge2 Qb6 16. h5 Qf2 17. Qd3 Qb6 18. Nxa4 Bxa4 19. Nc3 Bd7 20. hxg6 fxg6 21. Qd2
Ne8 22. Be2 Qa5 23. Bh6 Qd8 24. Bxg7 Nxg7 25. Qh6 Kf7 26. Qxh7 Rh8 27. Qxh8
Qxh8 28. Rxh8 Rxh8 29. Bb5 Ke7 30. Bxd7 Kxd7 31. Nb5 Ne8 32. Nxa7 Nc7 33. a4
Ra8 34. Nb5 Nxb5 35. axb5 Ra5 36. b6 Rb5 37. Rc7+ Kd8 38. Rxb7 Kc8 39. Rc7+ Kb8
40. Rc6 Kb7 41. Rxd6 Rxb6 42. Rxb6+ Kxb6 43. g5 Kc5 44. Kc2 Kd6 45. b4 Kc7 46.
Kc3 Kb6 47. Kc4 Kc7 48. Kc5 Kd7 49. Kb6 Kc8 50. Kc6 Kd8 51. d6 Kc8 52. d7+ Kd8
53. b5 1-0

[Event "III Open Costa Viola B"]
[Site "Sant'Eufemia d'Aspromonte ITA"]
[Date "2010.01.02"]
[Round "1"]
[White "Ielapi, Vito"]
[Black "Battaglia, Domenica"]
[Result "1-0"]
[WhiteElo "1830"]
[BlackElo "1557"]
[PlyCount "97"]
[EventDate "2010.01.02"]

1. e4 e5 2. Nf3 Nc6 3. Bc4 Nf6 4. d3 d6 5. Nc3 Be7 6. h3 O-O 7. O-O Be6 8. Nd5
Na5 9. Nxe7+ Qxe7 10. Bb5 h6 11. c4 c5 12. Nh2 a6 13. Ba4 Nh7 14. f4 f6 15. a3
Rab8 16. b4 cxb4 17. axb4 Nc6 18. Bxc6 bxc6 19. Rxa6 Qb7 20. Ra4 d5 21. f5 Bf7
22. Qe2 Ra8 23. Rxa8 Rxa8 24. Bd2 Ra2 25. Re1 Rc2 26. exd5 cxd5 27. c5 Be8 28.
Nf1 Bb5 29. Ne3 Ra2 30. Rc1 Ng5 31. Rc2 Rxc2 32. Nxc2 Ne4 33. Qe3 Nxd2 34. Qxd2
d4 35. Na3 Bd7 36. g4 Qf3 37. b5 Qxh3 38. Qe2 Qg3+ 39. Kf1 Qf4+ 40. Kg2 Qc1 41.
c6 Qxa3 42. cxd7 Qd6 43. Qa2+ Kh7 44. Qe6 Qc7 45. Qc6 Qa5 46. Kf3 e4+ 47. Qxe4
Qb6 48. Qd5 Qd8 49. b6 1-0

[Event "III Open Costa Viola B"]
[Site "Sant'Eufemia d'Aspromonte ITA"]
[Date "2010.01.02"]
[Round "1"]
[White "Licari, Carmelo sr"]
[Black "Mileo, Miguelito"]
[Result "0-1"]
[WhiteElo "1440"]
[BlackElo "1716"]
[PlyCount "62"]
[EventDate "2010.01.02"]

1. d4 Nf6 2. e3 e6 3. Nf3 d5 4. Be2 Nbd7 5. Nc3 c6 6. a3 Qc7 7. O-O Bd6 8. Re1
O-O 9. e4 dxe4 10. Nxe4 Nxe4 11. Bd3 Nef6 12. Bg5 h6 13. Bh4 c5 14. c3 cxd4 15.
cxd4 b6 16. Rc1 Qb8 17. Bc2 Bb7 18. Qd3 a5 19. Bxf6 Nxf6 20. Ne5 Bxe5 21. dxe5
Rd8 22. Qe3 Nd7 23. Rcd1 Nf8 24. Qxb6 Bd5 25. Qe3 Qxb2 26. Qe2 Qxa3 27. Rd3 Qb4
28. Rg3 Rac8 29. Be4 Bxe4 30. Qe3 Rd3 31. Qxh6 Qxe1# 0-1

[Event "III Open Costa Viola B"]
[Site "Sant'Eufemia d'Aspromonte ITA"]
[Date "2010.01.02"]
[Round "1"]
[White "Mercuri, Delia"]
[Black "Pelyushenko, Vladyslav"]
[Result "0-1"]
[WhiteElo "1517"]
[BlackElo "1792"]
[PlyCount "104"]
[EventDate "2010.01.02"]

1. e4 d6 2. Nf3 Nf6 3. Nc3 g6 4. Bc4 Bg7 5. O-O Nxe4 6. Bxf7+ Kxf7 7. Nxe4 Rf8
8. Re1 e5 9. c3 Kg8 10. d4 d5 11. Qb3 Kh8 12. Bg5 Qd7 13. Nc5 Qg4 14. Qxd5 Rxf3
15. Qxf3 Qxg5 16. dxe5 Nc6 17. Rad1 Bg4 18. Qg3 Bxe5 19. Rd5 Qf4 20. Nd3 Qxg3
21. fxg3 Bd6 22. Nf2 Bd7 23. Rd2 Ne5 24. b3 Bc6 25. Ne4 Bxe4 26. Rxe4 Rf8 27.
h3 Nc6 28. Kh2 Ne7 29. Kg1 Nf5 30. Rd3 Nxg3 31. Re1 Nf5 32. Rf3 Rd8 33. b4 a5
34. a3 axb4 35. axb4 Ra8 36. Rd3 Rd8 37. Red1 Re8 38. Kf2 b6 39. Kf1 Ne3+ 40.
Rxe3 Rxe3 41. c4 Re8 42. b5 Kg7 43. Rd3 Re4 44. g4 Rxc4 45. Ke2 Re4+ 46. Kf3
Re5 47. Rb3 Kf6 48. h4 h5 49. g5+ Kf5 50. Kf2 Re4 51. Rh3 Kg4 52. Kg2 Re2+ 0-1

[Event "III Open Costa Viola B"]
[Site "Sant'Eufemia d'Aspromonte ITA"]
[Date "2010.01.02"]
[Round "1"]
[White "Minucci, Veronica"]
[Black "Paragliola, Gennaro"]
[Result "0-1"]
[WhiteElo "1389"]
[BlackElo "1605"]
[PlyCount "84"]
[EventDate "2010.01.02"]

1. e4 d6 2. Nc3 g6 3. Nf3 Bg7 4. b3 Nf6 5. d4 O-O 6. Bd3 Bd7 7. O-O Nc6 8. a3
Ne8 9. Be3 Bg4 10. Be2 e5 11. d5 Ne7 12. Bg5 f5 13. h3 fxe4 14. Nxe4 Bd7 15. c4
Bf5 16. Ng3 e4 17. Nxf5 gxf5 18. Nh4 Bxa1 19. Qxa1 Qd7 20. Bh5 Ng7 21. Bh6 Nxh5
22. Bxf8 Rxf8 23. Qd1 Nf6 24. f3 Ng6 25. Nxg6 hxg6 26. fxe4 Nxe4 27. Rf3 Qe7
28. Qe1 b6 29. h4 Qf6 30. g4 Qd4+ 31. Kh1 fxg4 32. Rxf8+ Kxf8 33. Qf1+ Qf2 34.
Qxf2+ Nxf2+ 35. Kg2 Ne4 36. b4 a6 37. a4 Ke7 38. a5 bxa5 39. bxa5 Kf6 40. Kf1
Nd2+ 41. Kg2 Nxc4 42. Kg3 Kf5 0-1

[Event "III Open Costa Viola B"]
[Site "Sant'Eufemia d'Aspromonte ITA"]
[Date "2010.01.02"]
[Round "1"]
[White "Palermiti, Francesco"]
[Black "Russo, Carmelo"]
[Result "0-1"]
[WhiteElo "1470"]
[BlackElo "1731"]
[PlyCount "88"]
[EventDate "2010.01.02"]

1. d4 Nf6 2. Nf3 d5 3. Bg5 Ne4 4. Bf4 c5 5. e3 Qa5+ 6. c3 cxd4 7. exd4 e6 8.
Bd3 Nf6 9. O-O Bd7 10. Nbd2 Bb5 11. Bxb5+ Qxb5 12. b3 Qd7 13. Re1 Ba3 14. Rb1
Bd6 15. Ne5 Qc7 16. Rc1 Nc6 17. a4 O-O 18. Ndf3 Ne4 19. Nd2 Nxe5 20. Nxe4 dxe4
21. Bxe5 Bxe5 22. dxe5 Qxe5 23. Qc2 f5 24. c4 Qc5 25. Qc3 a5 26. Rcd1 Rfd8 27.
Rd2 Rxd2 28. Qxd2 Qb6 29. Qc3 Rd8 30. h3 Rd3 31. Qe5 Rxb3 32. Rd1 Rd3 33. Rc1
Rd2 34. c5 Qc6 35. h4 Rd5 36. Qb8+ Kf7 37. Qa7 Qc7 38. c6 Rd7 39. cxd7 Qxc1+
40. Kh2 Qc7+ 41. g3 Qxd7 42. Qxa5 h5 43. Qe5 Qc6 44. a5 Qd5 0-1

[Event "III Open Costa Viola B"]
[Site "Sant'Eufemia d'Aspromonte ITA"]
[Date "2010.01.02"]
[Round "1"]
[White "Pallonetto, Cristofaro"]
[Black "Altomonte, Giuseppe"]
[Result "0-1"]
[WhiteElo "1494"]
[BlackElo "1773"]
[PlyCount "68"]
[EventDate "2010.01.02"]

1. e4 e6 2. d4 d5 3. exd5 exd5 4. Nf3 Bd6 5. Nc3 c6 6. Be2 Ne7 7. h3 Bf5 8. Be3
Nd7 9. Qd2 Qc7 10. Nh4 Be6 11. Bd3 O-O-O 12. O-O-O h6 13. Nf3 f5 14. g3 g5 15.
Ne2 Nf6 16. Ne5 Ne4 17. Bxe4 dxe4 18. Qc3 Rhf8 19. Nc4 Nd5 20. Nxd6+ Qxd6 21.
Qa5 f4 22. gxf4 gxf4 23. Bd2 e3 24. fxe3 fxe3 25. Be1 Nf4 26. Nxf4 Qxf4 27. Rd3
Bc4 28. Rc3 Qxd4 29. b3 Bd5 30. Rg1 e2 31. Rcg3 Be4 32. Bc3 Qd1+ 33. Kb2 Rf1
34. Rg7 Qc1# 0-1

[Event "III Open Costa Viola B"]
[Site "Sant'Eufemia d'Aspromonte ITA"]
[Date "2010.01.02"]
[Round "1"]
[White "Pratico', Paolo"]
[Black "Carbone, Edoardo"]
[Result "0-1"]
[WhiteElo "1278"]
[BlackElo "1584"]
[PlyCount "76"]
[EventDate "2010.01.02"]

1. g3 Nf6 2. Bg2 e6 3. b3 d5 4. d4 Be7 5. Bb2 O-O 6. Nf3 Nbd7 7. O-O b6 8. Nbd2
Bb7 9. a4 c5 10. c3 cxd4 11. cxd4 Rc8 12. Rc1 Ba6 13. Ne5 Nxe5 14. dxe5 Nd7 15.
Nf3 Rxc1 16. Bxc1 Qc7 17. Bf4 Qc3 18. Bd2 Qb2 19. Re1 Nxe5 20. Nxe5 Qxe5 21.
Bf4 Qc3 22. Bd2 Qc7 23. Qb1 Qd7 24. e3 Rc8 25. Qa1 Bf6 26. Qd1 Bd3 27. Bb4 Bc2
28. Qe2 Bxb3 29. a5 Bc4 30. Qd2 b5 31. e4 a6 32. exd5 Bxd5 33. Bh3 Rd8 34. Qe3
Bb7 35. Qb6 Qd5 36. Kf1 Qh1+ 37. Ke2 Bf3+ 38. Ke3 Bg5# 0-1

[Event "III Open Costa Viola B"]
[Site "Sant'Eufemia d'Aspromonte ITA"]
[Date "2010.01.02"]
[Round "1"]
[White "Quattrone, Andrea"]
[Black "Zampaglione, Davide"]
[Result "0-1"]
[WhiteElo "1440"]
[BlackElo "1644"]
[PlyCount "67"]
[EventDate "2010.01.02"]

1. e4 d6 2. d4 Nf6 3. Nc3 c6 4. Bg5 Nbd7 5. e5 dxe5 6. dxe5 Nxe5 7. Qxd8+ Kxd8
8. O-O-O+ Ke8 9. Bxf6 exf6 10. Re1 Kd8 11. f4 Ng6 12. Nge2 Kc7 13. h3 Bb4 14.
g3 Re8 15. Bg2 Be6 16. Rhf1 Bc4 17. Bf3 Bxc3 18. Nxc3 Bxf1 19. Rxf1 Re3 20. Nd1
Re7 21. Bg4 Rae8 22. Rf3 Re1 23. Rd3 Rd8 24. Re3 Rdxd1+ 25. Bxd1 Rxe3 26. Bh5
Rxg3 27. f5 Rg5 28. fxg6 fxg6 29. h4 Rxh5 30. a4 Kd6 31. c4 Kc5 32. Kc2 Kxc4
33. b3+ Kb4 34. Kb2 0-1

[Event "III Open Costa Viola B"]
[Site "Sant'Eufemia d'Aspromonte ITA"]
[Date "2010.01.02"]
[Round "1"]
[White "Rametta, Marcello"]
[Black "Fariselli, Umberto"]
[Result "1-0"]
[WhiteElo "1732"]
[BlackElo "1476"]
[PlyCount "97"]
[EventDate "2010.01.02"]

1. e4 Nc6 2. c3 e6 3. d4 d6 4. Nf3 a6 5. h3 Be7 6. Bd3 Nf6 7. Bg5 O-O 8. Nbd2
b5 9. Qc2 e5 10. d5 Nb8 11. O-O-O Nbd7 12. Nb3 Nb8 13. Na5 Nxd5 14. exd5 Bxg5+
15. Kb1 g6 16. h4 Bh6 17. h5 Bg7 18. hxg6 fxg6 19. Nh4 Rf6 20. f3 Qe8 21. Rh2
Qf7 22. Be4 Nd7 23. b4 Bh6 24. Nxg6 Rxg6 25. Bxg6 Qg7 26. Be4 Bf4 27. Rh5 Nf6
28. Rh3 Bd7 29. Rdh1 Be8 30. Bxh7+ Nxh7 31. Rxh7 Bg6 32. Rxg7+ Kxg7 33. Qxg6+
Kxg6 34. Nc6 Re8 35. Kc2 Bg5 36. Kd3 Rf8 37. Rh3 Rf4 38. Nb8 Rf8 39. Nc6 Re8
40. c4 Ra8 41. c5 a5 42. cxd6 cxd6 43. Nxa5 Bh6 44. Rh1 Kg5 45. Nb7 Ra3+ 46.
Ke4 Ra4 47. Nxd6 Rxb4+ 48. Kxe5 Rf4 49. Rxh6 1-0

[Event "III Open Costa Viola B"]
[Site "Sant'Eufemia d'Aspromonte ITA"]
[Date "2010.01.02"]
[Round "1"]
[White "Sgro', Valerio"]
[Black "Carrozza, Gregorio"]
[Result "0-1"]
[WhiteElo "1422"]
[BlackElo "1616"]
[PlyCount "70"]
[EventDate "2010.01.02"]

1. e4 e6 2. Nf3 d5 3. exd5 exd5 4. d4 Nf6 5. Nc3 Bd6 6. Be2 O-O 7. O-O Bg4 8.
Bg5 h6 9. Bh4 c6 10. Ne5 Bf5 11. Bg4 Bxg4 12. Nxg4 Nbd7 13. Qf3 Be7 14. Ne5 Ne8
15. Bg3 Ndf6 16. Rfe1 Nd6 17. Re2 Nde4 18. Rae1 Bb4 19. a3 Bxc3 20. bxc3 Qa5
21. c4 Nd2 22. Qd3 Nde4 23. cxd5 cxd5 24. f3 Nxg3 25. hxg3 Rac8 26. c4 dxc4 27.
Nxc4 Qc7 28. Ne5 Qc3 29. Qb5 Qxd4+ 30. Kf1 Nh5 31. Re3 Nxg3+ 32. Kf2 Nf5 33.
Qd3 Qh4+ 34. Kg1 Nxe3 35. Rxe3 Rc1+ 0-1

[Event "III Open Costa Viola B"]
[Site "Sant'Eufemia d'Aspromonte ITA"]
[Date "2010.01.02"]
[Round "1"]
[White "Vacchiano, Salvatore"]
[Black "Della Rocca, Giorgio"]
[Result "1/2-1/2"]
[WhiteElo "1581"]
[BlackElo "1896"]
[PlyCount "53"]
[EventDate "2010.01.02"]

1. d4 Nf6 2. c4 g6 3. Nc3 Bg7 4. e4 d6 5. f3 O-O 6. Be3 c6 7. Qd2 e5 8. d5 cxd5
9. cxd5 Nh5 10. O-O-O Qc7 11. Kb1 f5 12. g4 fxg4 13. fxg4 Bxg4 14. Be2 Bxe2 15.
Ngxe2 Nf4 16. Nxf4 exf4 17. Bxf4 Nd7 18. Rc1 Ne5 19. Nb5 Qd7 20. Nd4 Rxf4 21.
Qxf4 Nd3 22. Qe3 Nxc1 23. Rxc1 Rc8 24. Rxc8+ Qxc8 25. Ne6 Be5 26. h4 Qc4 27.
Qf3 1/2-1/2

[Event "III Open Costa Viola B"]
[Site "Sant'Eufemia d'Aspromonte ITA"]
[Date "2010.01.02"]
[Round "1"]
[White "Vallone, Rosario"]
[Black "Rizzuti, Pasquale"]
[Result "0-1"]
[WhiteElo "1551"]
[BlackElo "1821"]
[PlyCount "50"]
[EventDate "2010.01.02"]

1. e4 c5 2. Nf3 Nc6 3. Bb5 Nd4 4. Nxd4 cxd4 5. c3 a6 6. Be2 dxc3 7. Nxc3 d6 8.
O-O Nf6 9. d4 e6 10. Be3 Be7 11. Qd2 O-O 12. Rac1 b5 13. b4 Bb7 14. d5 Rc8 15.
f3 exd5 16. exd5 Re8 17. Rfd1 Bf8 18. Bg5 Qb6+ 19. Kh1 Nd7 20. a4 bxa4 21. Nxa4
Qf2 22. Bd3 Rxc1 23. Qxc1 Bxd5 24. Bxa6 Bb3 25. Nb2 Bxd1 0-1

[Event "III Open Costa Viola B"]
[Site "Sant'Eufemia d'Aspromonte ITA"]
[Date "2010.01.02"]
[Round "1"]
[White "Valotta, Massimiliano"]
[Black "Daniac, Federico"]
[Result "1-0"]
[WhiteElo "1870"]
[BlackElo "1578"]
[PlyCount "62"]
[EventDate "2010.01.02"]

1. d4 d5 2. c4 c6 3. Nf3 Nf6 4. Bg5 Nbd7 5. e3 e6 6. Bd3 dxc4 7. Bxc4 b5 8. Be2
Be7 9. O-O O-O 10. Nbd2 Bb7 11. Rc1 Rc8 12. a3 h6 13. Bh4 a5 14. a4 Qb6 15. Qb3
Bb4 16. Rfd1 Ba6 17. Qa2 Nd5 18. Ne4 c5 19. Bg3 Rc6 20. Nc3 Bxc3 21. bxc3 b4
22. dxc5 Nxc5 23. Nd4 Bxe2 24. Nxe2 Ne4 25. Be5 bxc3 26. Nd4 Rc4 27. Qxc4 Qb2
28. Rc2 Qb4 29. Qa2 Nc5 30. Bd6 Rd8 31. Rb1 Qxa4 1-0